Collaborative filtering techniques for recommender systems : master thesis
Αποθηκεύτηκε σε:
| Κύριος συγγραφέας: | |
|---|---|
| Συγγραφή απο Οργανισμό/Αρχή: | |
| Μορφή: | Thesis Βιβλίο |
| Γλώσσα: | English |
| Δημοσίευση: |
2009.
|
| Θέματα: | |
| Διαθέσιμο Online: | http://hdl.handle.net/11610/14719 |
| Ετικέτες: |
Προσθήκη ετικέτας
Δεν υπάρχουν, Καταχωρήστε ετικέτα πρώτοι!
|
MARC
| LEADER | 00000cam a2200000 i 4500 | ||
|---|---|---|---|
| 001 | 1/11891 | ||
| 008 | 110210s2009 gr | ||| |||| ||eng|| | ||
| 035 | |l 10109581 | ||
| 040 | |a GR-MyUa |b eng |e AACR2 | ||
| 041 | 0 | |a eng | |
| 082 | 7 | |a 004.019 |2 (22) | |
| 100 | 1 | |a Lalas, Sergios. | |
| 245 | 1 | 0 | |a Collaborative filtering techniques for recommender systems : |b master thesis / |c Lalas Sergios. |
| 260 | |c 2009. | ||
| 300 | |a 117 σ. : |b διαγρ., πίν. ; |c 30 εκ. | ||
| 500 | |a Supervisors team: Dounias George, Ampazis Nicholas, Platis Agapios. | ||
| 502 | |a Πτυχιακή εργασία - Πανεπιστήμιο Αιγαίου, Χίος, 2009. | ||
| 650 | 0 | 0 | |a Filters and filtration. |
| 650 | 0 | 0 | |a Computer science. |
| 650 | 0 | 0 | |a Recommender systems (Information filtering) |
| 650 | 0 | 0 | |a Computer systems. |
| 650 | 0 | 0 | |a Online data processing. |
| 650 | 0 | 0 | |a Electronic data processing. |
| 650 | 0 | 0 | |a Interactive computer systems. |
| 650 | 0 | 0 | |a Data mining. |
| 650 | 0 | 0 | |a Internet. |
| 650 | 0 | 0 | |a Dissertations, Academic |z Greece. |
| 710 | 1 | |a Πανεπιστήμιο Αιγαίου Τμήμα Μηχανικών Οικονομίας και Διοίκησης - Τ.Μ.Ο.Δ. |b Σχολή Επιστημών της Διοίκησης. | |
| 852 | |a INST |b CHIOS |c DIATR |e 20110210 |h 004.019 LAL |p 005200032497 |q 005200032497 |t DIE |y 23 | ||
| 852 | |a INST |b CHIOS |c DIATR |e 20110210 |h 004.019 LAL |p 005200032499 |q 005200032499 |t DIE |y 23 | ||
| 856 | |u http://hdl.handle.net/11610/14719 | ||
| 901 | |a BIBL2-2011-01 | ||
| 924 | |a LALAS |b SERGIOS |y Χίος |z 2009-11 | ||
| 970 | |a ΠΑΡΟΙΚΑΚΗ |b ΒΑΣΙΛΙΚΗ |z 2011/02/10 | ||